| 000 | 00890nam a2200265Ia 4500 | ||
|---|---|---|---|
| 003 | GCL | ||
| 008 | 140319s9999 xx 000 0 ara d | ||
| 040 |
_aGCL / _cGCL |
||
| 082 | 0 | 4 |
_a301.2 _bف ث |
| 100 | 1 | _aفتحية محمد ابراهيم | |
| 245 | 1 | 0 |
_aالثقافة والبيئة مدخل الى دراسة الانثروبولوجيا الايكولوجية / _cفتحية محمد ابراهيم |
| 700 | 1 | _aمصطفى حمدى الشنوانى | |
| 260 |
_a[S.N] : _bدار المريخ للنشر ، _c1988 |
||
| 300 | _a239 | ||
| 490 | _a | ||
| 650 | 0 | 4 | _aالبيئة |
| 650 | 0 | 4 | _aالانسان |
| 650 | 0 | 4 | _aالاجتماع |
| 650 | 0 | 4 | _aابن خلدون |
| 650 | 0 | 4 | _aالسكان |
| 650 | 0 | 4 | _aالانثربولوجيا |
| 650 | 0 | 4 | _aالتغير الاجتماعى |
| 650 | 0 | 4 | _aالانثربولوجيا الايكولوجية |
| 942 |
_2ddc _cBK |
||
| 999 |
_c29841 _d29841 |
||